Manual de prt̀ica dos precedentes no processo civil e do trabalho

Detalles Bibliográficos
Autor principal: Zucatti Pritsch, Cesar
Formato: eBook
Lenguaje:portugués
Publicado: San Pablo: LTR, 2018
Materias:
Acceso en línea:Acceso restringido

MARC

LEADER 00000nam a22000007a 4500
005 20180925224251.0
007 cr|||| ||||
008 180925r2018 br |||||s|||| 00||0 por d
020 |a 978-85-361-9608-4 
035 |a 21906 
040 |a vLex 
090 |c 8109  |d 8109 
100 1 |a Zucatti Pritsch, Cesar 
245 1 0 |a Manual de prt̀ica dos precedentes no processo civil e do trabalho  |h [Recurso electrn̤ico] /  |c Cesar Zucatti Pritsch 
256 |a Servicio en ln̕ea 
260 |a San Pablo:  |b LTR,  |c 2018 
300 |a 1 recurso electrn̤ico 
500 |a Como utilizar o novo sistema de precedentes vinculantes de forma tčnica e t︢il ̉defesa de direitos? Como compreender a extensa gama de precedentes vinculantes, sua eficc̀ia e limites, bem como de que forma afetam nosso sistema recursal? Como os precedentes afetam o peticionamento e julgamento em primeiro grau? A presente obra busca examinar tais queste̳s de forma objetiva e prt̀ica, sem olvidar o correspondente aporte ter̤ico - inclusive traȧndo comparaė̳s com a prt̀ica dos precedentes nas jurisdiė̳s de common law, aproveitando o treinamento do autor como advogado norte-americano, aliado ̉sua experin̊cia de mais de uma dčada como magistrado brasileiro. Este livro se destina ̉orientaȯ̂ prt̀ica de advogados e juz̕es na sensv̕el temt̀ica dos precedentes, sem prejuz̕o de servir como refern̊cia a alunos de direito na graduaȯ̂ ou na preparaȯ̂ para concursos. 
506 1 |a Disponible solo en los productos indicados  |d vLex Global  |d vLex Global (Academic Edition, excluding Law Schools)  |d vLex Global (U.S. Academic Edition, Law Schools)  |d vLex Global (U.S. Academic Edition, excluding Law Schools)  |d vLex Global (Academic Edition, Law Schools) 
650 0 4 |a Derecho Procesal  |z Brasil 
650 0 4 |a Procedimiento Laboral  |z Brasil 
650 0 4 |a Procedimiento Civil  |z Brasil 
740 0 |a vLex Libros (Servicio en ln̕ea) 
856 4 0 |u http://vlex.com/source/manual-de-pratica-dos-precedentes-no-processo-civil-e-do-trabalho-21906  |z Acceso restringido 
942 |c BOOK 
999 0 |a Procedural Law 
999 0 |a Labor Procedure 
999 0 |a Civil Procedure